000 006510000a22002290004500
090 _aAR
_b03139
245 1 0 _aDúas novastribos de Rubiaceae neotropicais
650 1 4 _aBotánica
_9361
650 1 4 _aVegetación
_992799
650 1 4 _aNuevas tribus
_996739
650 1 4 _aTaxonomía vegetal
_992262
650 1 4 _aMorfología vegetal
_918295
650 1 4 _aSistemática vegetal
_95234
653 _gHippotis
653 _gPentagonia
653 _gSommera
653 _gTammsia
041 0 _aPortugués
100 1 _aGarcía Kirbride, María Cristina
_996740
942 _cARTICULO
773 1 _tRevista Brasileña do Biologia
_3334
_q119-123
_d1981
_g4
999 _c12194
_d12194